000 00671nam a22002057a 4500
003 OSt
005 20260119032932.0
008 260119b |||||||| |||| 00| 0 eng d
020 _a978-971-23-4665-1.
040 _aDWCL-Main lib
_cOC
082 _21st edition
_aNur. 160 R618l 2006
100 _aRivas, Dionesio C.
245 _aLogic :
_bfor nursing students & professionals
_cRivas, Dionesio C.
260 _aManila :
_bRex Book Store, Inc.,
_cc2006.
300 _axviii, 282 pages :
_billustration ;
_c22 cm.
504 _aIncludes bibliographical references and index.
650 _21. Logic.
700 _aNael, Michael M.
942 _2ddc
_cBK-CIRC
_e1st ed.
_kNur.
_n0
999 _c7525
_d7525